| 000 | 00659nam a2200205 i 4500 | ||
|---|---|---|---|
| 001 | 19673 | ||
| 003 | ES-MaACL | ||
| 005 | 20250907063034.0 | ||
| 007 | t| | ||
| 008 | 021008s1860 fr ||||1| ara d | ||
| 080 | _a821.411.21(460)-1"07/12"(082.2) | ||
| 100 | 1 |
_aIbn Jaqan, al-Fath, _dm. 1134? _9156255 |
|
| 245 | 1 | 0 |
_aQala'id al-`iqyan uamahasin alayan = Los collares de oro / _cAlfath Abenjacan. |
| 260 |
_aParís : _bSuleiman el Harairí, _c1860 (1277 de la Hégira) |
||
| 300 |
_a354 p. ; _c28 cm. |
||
| 500 | _aTexto en árabe. | ||
| 650 | 4 |
_aPoesías árabes- _zAl-Andalus. _9152061 |
|
| 852 |
_aES-MaACL _jF-729 |
||
| 999 |
_c19673 _d19673 |
||